000 01074nam a2200313Ia 4500
001 Para_482
003 CHAP
008 220125s2000 xx 000 0 und d
010 _a199237
040 _cCHAP
090 _aPA TESIS 1487
100 _aGranados Suárez, José Antonio
_950357
245 _aAplicación de fungicidas al suelo para el control de Rhizoctonia solani Kúhn en haba (Vicia faba L.) Chapingo, Méx. /
_c por José Antonio Granados Suárez
260 _aChapingo, Méx. :
_b el autor
300 _a68 h.
502 _aTesis (Ing. Agr. Esp. en Parasitología Agrícola) -- UACh. Departamento Parasitología Agrícola
650 _aFungicidas
_944044
650 _aHaba
_x enfermedades
_952101
650 _aHongos fitopatógenos
_956132
650 _aRhizoctonia solani
_997134
710 _aUACh. Departamento Parasitología Agrícola
_9164025
901 _aPA TESIS 1487
902 _aA
905 _a0000002000 ni 0000000000 00
910 _a2000
942 _cPARA
942 _cPARA
_d1
999 _c199237
_d199237